apush Study guid - Statistics

General Stats
  • This quiz has been taken 16 times
  • The average score is 2 of 48
Answer Stats
Hint1831 Answer % Correct
1850 compromise of 1850
50%
1820 Missouri compromise
50%
1793 Eli Whitney cotton gin
25%
1823 monroe doctrine
25%
1790 Second Great Awakening
25%
1828 trail of tears
25%
1838 trail of tears
25%
1811 1st national bank charter expires
0%
1819 Adams-Onís treaty
0%
1832 American anti-slavery society
0%
1856 bleeding kansas/popular sovereignty
0%
1841 brook farm
0%
1842 commonwealth vs hunt
0%
1831 Cyrus McCormack reaper
0%
1819 Dartmouth vs Woodward
0%
1857 Dred Scott vs Sanford
0%
1825 eeire canal
0%
1833 force act
0%
1861 Fort Sumter
0%
1827 freedoms journal
0%
1850 fugitive slave act
0%
1836 gag rule
0%
1848 gold found in California
0%
1830 Indian removal act
0%
1859 John Brown raid on harpers ferry
0%
1837 John Deere steel plow
0%
1854 know-nothings
0%
1861 Lincoln inaugurated
0%
1831 Lloyd Garrison/the liberator
0%
1811 Louisiana slave revolt
0%
1845 manifest destiny
0%
1848 Mexican-American War ends
0%
1846 Mexican-American War starts
0%
1820 mormons
0%
1806 National Road
0%
1831 Nat Turner rebelllion
0%
1832 Nullification Crisis
0%
1848 Oneida Community
0%
1819 panic of 1819
0%
1837 panic of 1837
0%
1807 Robert Fulton Steamboat
0%
1842 seminole war
0%
1840 shakers
0%
1860 south carolina secedes
0%
1844 telegraph
0%
1841 temperance movement
0%
1839 the amistad
0%
1814 Waltham textile factory
0%
No matching quizzes found
Score Distribution
Percent of People with Each Score
Percentile by Number Answered
Your Score History
You have not taken this quiz